| 000 -LEADER |
| fixed length control field |
00751nam a22002657a 4500 |
| 001 - CONTROL NUMBER |
| control field |
17929563 |
| 003 - CONTROL NUMBER IDENTIFIER |
| control field |
LIBRIS |
| 005 - DATE AND TIME OF LATEST TRANSACTION |
| control field |
20210421075644.0 |
| 008 - FIXED-LENGTH DATA ELEMENTS--GENERAL INFORMATION |
| fixed length control field |
150506s1990 xx ||||| ||| ||eng c |
| 020 ## - INTERNATIONAL STANDARD BOOK NUMBER |
| International Standard Book Number |
9780393307061 |
| 035 ## - SYSTEM CONTROL NUMBER |
| System control number |
BTJ951767 |
| 040 ## - CATALOGING SOURCE |
| Original cataloging agency |
eng |
| Language of cataloging |
eng |
| Transcribing agency |
DLC |
| 041 ## - LANGUAGE CODE |
| Language code of text/sound track or separate title |
eng |
| 080 ## - UNIVERSAL DECIMAL CLASSIFICATION NUMBER |
| Universal Decimal Classification number |
821.111 |
| Item number |
B-86 |
| 100 1# - MAIN ENTRY--PERSONAL NAME |
| Personal name |
O'Brian, Patrick |
| 245 10 - TITLE STATEMENT |
| Title |
Post Captain, The |
| Statement of responsibility, etc. |
O'Brian, Patrick |
| Remainder of title |
/ by: W. W. Norton and Company |
| 260 ## - PUBLICATION, DISTRIBUTION, ETC. |
| Place of publication, distribution, etc. |
New York |
| Name of publisher, distributor, etc. |
W. W. Norton and Company |
| Date of publication, distribution, etc. |
1990 |
| 300 ## - PHYSICAL DESCRIPTION |
| Extent |
496 p. |
| 365 ## - TRADE PRICE |
| Price amount |
13.95 usd |
| 650 #0 - SUBJECT ADDED ENTRY--TOPICAL TERM |
| 9 (RLIN) |
254 |
| Topical term or geographic name entry element |
English literature |
| 653 ## - INDEX TERM--UNCONTROLLED |
| Uncontrolled term |
ინგლისური ლიტერატურა |
| 942 ## - ADDED ENTRY ELEMENTS (KOHA) |
| Source of classification or shelving scheme |
|
| Koha item type |
Books |